000 00782nam a22002777a 4500
001 BR9104069
003 BR-BrBNA
005 20230928093636.0
007 ta
008 230509b bl.||||| |||| 00| 0 por d
040 _aBR-BrBNA
_bpor
_cBiblioteca Nacional de Agricultura
041 _a(Por)
072 _aE10
_b0180
090 _ 0180 BR9104069
100 1 _aSoares, R.P.
110 1 _aInstituto de Planejamento Economico e Social, Brasilia, DF (Brasil)
_96238
245 1 _aTrigo: falta ampliar a conferencia entre os moinhos
_bNota para discussao n. 2
260 3 _aBrasilia, DF (Brasil):
_c1988.
300 _a20 p.
500 _aSummary (Por)
650 _aTRIGO
650 _aMOENDA
650 _aESTOQUE
909 _a202309
_bLucia
_c55
_dLucia Elande
942 _cBK
999 _c46196
_d46196